00444 2200181 4500001002100000005001500021008004100036020001800077035001900095041000700114082000800121090001400129100002100143245002700164260004200191300001800233650001100251INLIS00000000001356820241224114600241224||||||||| | ||| |||| || |  a979-553-039-9 0010-1224013568 aid0 a398 a398 JAM c0 aJAMES DANANDJAJA00aSERI PENDIDIKAN BUDAYA aJAKARATbGramedia Pustaka Utamac1992 a34hlm;14x20cm 0aFolkor